គិរីលេងវាយសី / (Record no. 1277)

MARC details
000 -LEADER
fixed length control field 01401nam a22002897a 4500
005 - DATE AND TIME OF LATEST TRANSACTION
control field 20230810142502.0
020 ## - INTERNATIONAL STANDARD BOOK NUMBER
International Standard Book Number 9789924341123
040 ## - CATALOGING SOURCE
Original cataloging agency FISKH
Language of cataloging eng
Transcribing agency FISKH
Modifying agency FISKH
082 ## - DEWEY DECIMAL CLASSIFICATION NUMBER
Classification number 796.34
100 ## - MAIN ENTRY--PERSONAL NAME
Personal name Rotha, Ouk
245 ## - TITLE STATEMENT
Title គិរីលេងវាយសី /
250 ## - EDITION STATEMENT
Edition statement គ្រិះស្ថានបោះពុម្ពផ្សាយ Sipar ឧសភា​ ២០២១
260 ## - PUBLICATION, DISTRIBUTION, ETC.
Place of publication, distribution, etc. Phnom Penh :
Name of publisher, distributor, etc. Sipar,
Date of publication, distribution, etc. 2021.
300 ## - PHYSICAL DESCRIPTION
Extent 24 pages :
Other physical details color illustrations ;
Dimensions 22 cm
490 ## - SERIES STATEMENT
Series statement ខ្ញុំចេះអាន
505 ## - FORMATTED CONTENTS NOTE
Formatted contents note K <br/>
520 ## - SUMMARY, ETC.
Summary, etc. គិរីទទួលបានសីនិងដងវាយសីពីឪពុករបស់ខ្លួនជាកាដូរសម្រាប់ឆ្នាំថ្មី។ គេសប្បាយចិត្តណាស់ ហើយបានបបួលមិត្តរបស់គេ២នាក់ទៀត ទៅលេងជាមួយគ្នា។
520 ## - SUMMARY, ETC.
Summary, etc. This new year, Kiri received a baton from his father as a gift for the new year. He was very happy and invited his two friends to play together.
521 ## - TARGET AUDIENCE NOTE
Target audience note 510 <br/>
Source Lexile estimate <br/>
521 ## - TARGET AUDIENCE NOTE
Target audience note K <br/>
Source Raz-Plus <br/>
650 ## - SUBJECT ADDED ENTRY--TOPICAL TERM
Topical term or geographic name entry element សី
Form subdivision លេង
650 ## - SUBJECT ADDED ENTRY--TOPICAL TERM
Topical term or geographic name entry element Badminton
Form subdivision Play
700 ## - ADDED ENTRY--PERSONAL NAME
Personal name Rotha, Ouk
Titles and other words associated with a name illustrator
942 ## - ADDED ENTRY ELEMENTS (KOHA)
Source of classification or shelving scheme Dewey Decimal Classification
Koha item type Books
Suppress in OPAC No
999 ## -
-- 1277
-- 1277
Holdings
Withdrawn status Lost status Source of classification or shelving scheme Damaged status Not for loan Collection Home library Current library Shelving location Date acquired Total Checkouts Full call number Barcode Date last seen Date last checked out Copy number Price effective from Koha item type
    Dewey Decimal Classification     Khmer Language Books / សៀវភៅភាសាខ្មែរ Footprints International School Library Network Toul Kork Campus Footprints International School Library Network Toul Kork Campus TK Campus, Room B402, Khmer Book Case 16, Shelves 112-123 / ទូរសៀវភៅខ្មែរលេខ ១៦​ ធ្នើរ ១១២ ដល់ ១២៣ បន្ទប់ B402 សាខាទួលគោក 08/10/2023 1 ROT 796.34 2023-0237 02/02/2026 01/05/2026 1 08/10/2023 Books
    Dewey Decimal Classification     Khmer Language Books / សៀវភៅភាសាខ្មែរ Footprints International School Library Network Toul Kork Campus Footprints International School Library Network Toul Kork Campus TK Campus, Room B402, Khmer Book Case 16, Shelves 112-123 / ទូរសៀវភៅខ្មែរលេខ ១៦​ ធ្នើរ ១១២ ដល់ ១២៣ បន្ទប់ B402 សាខាទួលគោក 08/10/2023   ROT 796.34 2023-0238 08/10/2023   2 08/10/2023 Books